书目信息 |
| 题名: |
中国考据学
|
|
| 作者: | 于亭 主编 ;李广亮 辑主编 | |
| 分册: | 第二辑 | |
| 出版信息: | 北京 商务印书馆 2024.12 |
|
| 页数: | 257页 | |
| 开本: | 26cm | |
| 丛书名: | ||
| 单 册: | ||
| 中图分类: | K207-53 | |
| 科图分类: | ||
| 主题词: | 考据学--中国--文集 | |
| 电子资源: | ||
| ISBN: | 978-7-100-24798-6 | |
| 000 | 00993nam0 2200253 450 | |
| 001 | 01063150 | |
| 005 | 20251022201605.11 | |
| 010 | @a978-7-100-24798-6@dCNY88.00 | |
| 100 | @a20250506d2024 em y0chiy0120 ea | |
| 101 | 0 | @achi |
| 102 | @aCN@b110000 | |
| 105 | @ay z 000yy | |
| 106 | @ar | |
| 200 | 1 | @a中国考据学@9zhong guo kao ju xue@h第二辑@f于亭主编@g李广亮辑主编 |
| 210 | @a北京@c商务印书馆@d2024.12 | |
| 215 | @a257页@d26cm | |
| 314 | @a辑主编:李广亮 | |
| 330 | @a本书收录漆永祥《戴震算学本土化的意义》、孙思旺《颜回生卒年问题释证》、高新华《张耳任赵王始末考》、范云飞《刘宋“王畿”设置原因发微》、杨泽生《略论附加性字符兼说甲骨文“牛”“羊”的异体》、肖代龙《〈史记·平准书〉中“非吏比者”一句考证》、赵明《〈李刚主墓志铭〉疑案考》等15篇论文,约20万字。 | |
| 606 | 0 | @a考据学@y中国@j文集 |
| 690 | @aK207-53@v5 | |
| 701 | 0 | @a于亭@9yu ting@4主编 |
| 702 | 0 | @a李广亮@9li guang liang@4辑主编 |
| 801 | 0 | @aCN@c20250905 |
| 905 | @a河南城建学院图书馆@dK207-53@eY721:2@ZY721:2@f1 | |
| 中国考据学.第二辑/于亭主编/李广亮辑主编.-北京:商务印书馆,2024.12 |
| 257页;26cm |
| ISBN 978-7-100-24798-6:CNY88.00 |
| 本书收录漆永祥《戴震算学本土化的意义》、孙思旺《颜回生卒年问题释证》、高新华《张耳任赵王始末考》、范云飞《刘宋“王畿”设置原因发微》、杨泽生《略论附加性字符兼说甲骨文“牛”“羊”的异体》、肖代龙《〈史记·平准书〉中“非吏比者”一句考证》、赵明《〈李刚主墓志铭〉疑案考》等15篇论文,约20万字。 |
| ● |
| 相关链接 |
|
|
|
正题名:中国考据学
索取号:K207-53/Y721:2
 
预约/预借
| 序号 | 登录号 | 条形码 | 馆藏地/架位号 | 状态 | 备注 |
| 1 | 1631039 | 216310392 | 社科库309/309社科库 31排2列6层/ [索取号:K207-53/Y721:2] | 在馆 |